| 000 | 00743nam a2200277Ia 4500 | ||
|---|---|---|---|
| 001 | Z_2913 | ||
| 003 | CHAP | ||
| 008 | 220113s1996 xx 000 0 und d | ||
| 010 | _a165996 | ||
| 040 | _cCHAP | ||
| 082 | _a636.294 S5 | ||
| 100 |
_aSimposio sobre venados en México (5 : 1996 : México) _9140023 |
||
| 245 |
_aMemoria / _cpor Universidad Nacional Autónoma de México |
||
| 260 |
_aMéxico, D. F. : _bUNAM. Facultad de Medicina Veterinaria y Zootecnia, _c1996 |
||
| 300 | _a216 p. | ||
| 440 | _a | ||
| 500 | _a | ||
| 503 | _a | ||
| 650 |
_aVenados I. UNAM. Facultad de Medicina Veterinaria y Zootecnia _9140024 |
||
| 901 | _a636.294 S5 | ||
| 902 | _aA | ||
| 910 | _a1996 | ||
| 942 | _c1 | ||
| 942 | _cc1 | ||
| 999 |
_c165996 _d165996 |
||